<?xml version="1.0" encoding="UTF-8"?><?xml-stylesheet type="text/xsl" href="static/style.xsl"?><OAI-PMH xmlns="http://www.openarchives.org/OAI/2.0/" xmlns:xsi="http://www.w3.org/2001/XMLSchema-instance" xsi:schemaLocation="http://www.openarchives.org/OAI/2.0/ http://www.openarchives.org/OAI/2.0/OAI-PMH.xsd"><responseDate>2026-05-17T11:06:46Z</responseDate><request verb="GetRecord" identifier="oai:repisalud.isciii.es:20.500.12105/26961" metadataPrefix="marc">https://repisalud.isciii.es/rest/oai/request</request><GetRecord><record><header><identifier>oai:repisalud.isciii.es:20.500.12105/26961</identifier><datestamp>2025-12-01T08:55:55Z</datestamp><setSpec>com_20.500.12105_2405</setSpec><setSpec>com_20.500.12105_2403</setSpec><setSpec>col_20.500.12105_2420</setSpec></header><metadata><record xmlns="http://www.loc.gov/MARC21/slim" xmlns:dcterms="http://purl.org/dc/terms/" xmlns:doc="http://www.lyncode.com/xoai" xmlns:xsi="http://www.w3.org/2001/XMLSchema-instance" xsi:schemaLocation="http://www.loc.gov/MARC21/slim http://www.loc.gov/standards/marcxml/schema/MARC21slim.xsd">
   <leader>00925njm 22002777a 4500</leader>
   <datafield ind2=" " ind1=" " tag="042">
      <subfield code="a">dc</subfield>
   </datafield>
   <datafield ind2=" " ind1=" " tag="720">
      <subfield code="a">Instituto de Salud Carlos III. Subdirección General de Evaluación y Fomento de la Investigación</subfield>
      <subfield code="e">author</subfield>
   </datafield>
   <datafield ind2=" " ind1=" " tag="260">
      <subfield code="c">2025-11</subfield>
   </datafield>
   <datafield ind2=" " ind1=" " tag="520">
      <subfield code="a">[ES]La Alianza de Institutos de Investigación Sanitaria (Alianza IIS - ISCIII Portal Web) establece un espacio estable de colaboración y trabajo conjunto del Instituto de Salud Carlos III (en adelante ISCIII) con los Institutos de Investigación Sanitaria acreditados (en adelante IIS). Constituida por el ISCIII en noviembre de 2019, tras este periodo de cinco años se ha consolidado como un eje de reflexión, aprendizaje compartido e innovación cooperativa en I+D+I biomédica con especial orientación al Sistema Nacional de Salud y como tal forma parte del SECTI. Sus principales objetivos son los siguientes: ‒ Abordar las necesidades de los IIS en el entorno dinámico de la I+D+I. ‒ Orientar las políticas científicas de los IIS, alineándolas con las líneas estratégicas del marco normativo europeo. ‒ Fomentar la cooperación entre IIS, creando sinergias que aumenten su competitividad. ‒ Potenciar la participación de los IIS en la definición de líneas de actuación del ISCIII. Uno de los principales espacios para desarrollar estos objetivos son los grupos de trabajo de la Alianza de IIS (en adelante GdT). En ellos se analiza la situación, desarrollo y limitaciones de aquellos aspectos de especial interés para la planificación estratégica y desarrollo científico de los IIS. Como resultado se generan documentos de reflexión, disponibles en la web del ISCIII en la serie Informes de la Alianza de IIS. [EN] The Alliance of Health Research Institutes (IIS Alliance - ISCIII Web Portal) establishes a stable space for collaboration and joint work between the Carlos III Health Institute (hereinafter ISCIII) and the accredited Health Research Institutes (hereinafter IIS). Established by the ISCIII in November 2019, after this five-year period it has consolidated itself as a hub for reflection, shared learning and cooperative innovation in biomedical R&amp;D with a special focus on the National Health System and as such is part of the SECTI. Its main objectives are the following: ‒ To address the needs of the Health Research Institutes (IIS) in the dynamic R&amp;D&amp;I environment. ‒ To guide the scientific policies of the IIS, aligning them with the strategic lines of the European regulatory framework. ‒ To foster cooperation between IIS, creating synergies that increase their competitiveness. ‒ To enhance the participation of the IIS in defining the lines of action of the ISCIII (Carlos III Health Institute). One of the main forums for achieving these objectives is the working groups of the Health Research Institutes Alliance (hereinafter referred to as WRIs). These groups analyze the situation, development, and limitations of aspects of particular interest for the strategic planning and scientific development of the Health Research Institutes. The resulting reflection papers are available on the ISCIII website in the Health Research Institutes Alliance Reports series.</subfield>
   </datafield>
   <datafield ind1="8" ind2=" " tag="024">
      <subfield code="a">156250279</subfield>
   </datafield>
   <datafield ind1="8" ind2=" " tag="024">
      <subfield code="a">https://hdl.handle.net/20.500.12105/26961</subfield>
   </datafield>
   <datafield tag="653" ind2=" " ind1=" ">
      <subfield code="a">Institutos de investigación sanitaria</subfield>
   </datafield>
   <datafield tag="653" ind2=" " ind1=" ">
      <subfield code="a">evaluación</subfield>
   </datafield>
   <datafield tag="653" ind2=" " ind1=" ">
      <subfield code="a">impacto</subfield>
   </datafield>
   <datafield tag="653" ind2=" " ind1=" ">
      <subfield code="a">acreditación</subfield>
   </datafield>
   <datafield tag="653" ind2=" " ind1=" ">
      <subfield code="a">participación ciudadana</subfield>
   </datafield>
   <datafield tag="653" ind2=" " ind1=" ">
      <subfield code="a">métricas</subfield>
   </datafield>
   <datafield tag="653" ind2=" " ind1=" ">
      <subfield code="a">Investigadores Joan Rodés</subfield>
   </datafield>
   <datafield tag="653" ind2=" " ind1=" ">
      <subfield code="a">Investigadores Miguel Servet</subfield>
   </datafield>
   <datafield tag="653" ind2=" " ind1=" ">
      <subfield code="a">Mapa de capacidades</subfield>
   </datafield>
   <datafield tag="653" ind2=" " ind1=" ">
      <subfield code="a">Sello Europeo HRS4R</subfield>
   </datafield>
   <datafield tag="653" ind2=" " ind1=" ">
      <subfield code="a">Health Research Institutes</subfield>
   </datafield>
   <datafield tag="653" ind2=" " ind1=" ">
      <subfield code="a">Patient engagement</subfield>
   </datafield>
   <datafield tag="653" ind2=" " ind1=" ">
      <subfield code="a">Metrics</subfield>
   </datafield>
   <datafield tag="653" ind2=" " ind1=" ">
      <subfield code="a">impact</subfield>
   </datafield>
   <datafield tag="653" ind2=" " ind1=" ">
      <subfield code="a">Reseachers Joan Rodés</subfield>
   </datafield>
   <datafield tag="653" ind2=" " ind1=" ">
      <subfield code="a">Reseachers Miguel Servet</subfield>
   </datafield>
   <datafield tag="653" ind2=" " ind1=" ">
      <subfield code="a">Capabilities map</subfield>
   </datafield>
   <datafield tag="653" ind2=" " ind1=" ">
      <subfield code="a">European HRS4R Sea</subfield>
   </datafield>
   <datafield ind2="0" ind1="0" tag="245">
      <subfield code="a">Informes de la Alianza de Institutos de Investigacion Sanitaria</subfield>
   </datafield>
</record></metadata></record></GetRecord></OAI-PMH>